Colorful Word Match Quiz Stats

Quiz Updated Dec 3, 2014

Challenge
Share
Tweet
Score 0/22 Timer 02:00
9 Plays Today
% Correct
Black
95.6%
White
91.5%
Black
90.2%
Red
89.6%
Blue
88.9%
Black
88.6%
Red
88.2%
Red
87.7%
Green
87.5%
Green
85%
White
84.9%
% Correct
Black
84.8%
White
83.6%
Rose
83.3%
Black
82.3%
Rose
81.1%
Red
80.4%
White
77%
Red
73.9%
Blue
71.4%
Red
66%
Green
61.4%

You're not logged in!

Compare scores with friends on all Sporcle quizzes.
Sign Up with Email
OR
Log In

You Might Also Like...

Show Comments

Extras

Top Quizzes Today


Score Distribution

Your Account Isn't Verified!

In order to create a playlist on Sporcle, you need to verify the email address you used during registration. Go to your Sporcle Settings to finish the process.